000 00671nam a22002177a 4500
008 151026b xxu||||| |||| 00| 0 eng d
020 _a9780789737960 (pbk. w/cd)
020 _a0789737965 (pbk. w/cd)
041 0 _aeng
080 _a004.6
100 1 _aHarwood, Mike.
245 1 0 _aExam cram :
_cMike Harwood.
246 3 0 _aCompTIA Network+
250 _a3rd ed.
260 _aIndianapolis, Ind. :
_bPearson,
_c2009.
300 _axviii, 628 f. :
_bme il.;
_c23 cm. +
_e1 CD-ROM (4 3/4 in.)
650 0 _aRrjetat kompjuterike
650 0 _aInxhinieria e telekomunikacionit
650 0 _aPërpunimi i të dhënave elektronike
942 _2udc
_cBK
999 _c1343
_d1343